International bhurban conference on applied sciences and technology , vol-1 (Record no. 572104)

000 -LEADER
fixed length control field 00606nam a22001817a 4500
003 - CONTROL NUMBER IDENTIFIER
control field CEME
005 - DATE AND TIME OF LATEST TRANSACTION
control field 20210628203059.0
008 - FIXED-LENGTH DATA ELEMENTS--GENERAL INFORMATION
fixed length control field 210118b xxu||||| |||| 00| 0 eng d
020 ## - INTERNATIONAL STANDARD BOOK NUMBER
International Standard Book Number 969-8741-00-3
040 ## - CATALOGING SOURCE
Transcribing agency ceme
082 ## - DEWEY DECIMAL CLASSIFICATION NUMBER
Classification number 530 PRO
100 ## - MAIN ENTRY--PERSONAL NAME
Personal name Hafeez R. Hoorani , Arshad Munir , Raza Samar , Salimuddin Zahir
9 (RLIN) 63213
245 ## - TITLE STATEMENT
Title International bhurban conference on applied sciences and technology , vol-1
260 ## - PUBLICATION, DISTRIBUTION, ETC.
Place of publication, distribution, etc. PAKISTAN
Name of publisher, distributor, etc. NADEEM
Date of publication, distribution, etc. 2003
300 ## - PHYSICAL DESCRIPTION
Extent 267 P
650 ## - SUBJECT ADDED ENTRY--TOPICAL TERM
Topical term or geographic name entry element PHYSICS.ADVANCED MATERIALS.CONTROL ENGINEERING.COMPUTATIONAL FLUID DYNAMICS.TECHNOLOGY
9 (RLIN) 63214
942 ## - ADDED ENTRY ELEMENTS (KOHA)
Koha item type Book
Source of classification or shelving scheme
Holdings
Withdrawn status Lost status Damaged status Not for loan Permanent Location Current Location Shelving location Date acquired Total Checkouts Full call number Barcode Date last seen Price effective from Koha item type
        College of Electrical & Mechanical Engineering (CEME) College of Electrical & Mechanical Engineering (CEME) Reference 07/25/2017   530 PRO CEME-42021 06/28/2021 06/28/2021 Book
© 2023 Central Library, National University of Sciences and Technology. All Rights Reserved.